Statistics for Outer Space / Carry On - 5 Seconds of Summer (All Lyrics)

Click here to take the quiz!

General Stats

  • This quiz has been taken 196 times
  • The average score is 402 of 450

Answer Stats

Outer Space/Carry On% Correct
Bridge | Chorus | Verse 1I
99%
a
98%
it
96%
It
96%
the
96%
The
96%
in
95%
You
95%
you
95%
an
94%
go
94%
like
94%
on
94%
outer
94%
space
94%
to
94%
To
94%
your
94%
Verse 1 | Verse 2Carry
93%
me
93%
was
93%
when
93%
When
93%
you're
93%
be
92%
let
92%
ChorusLet
92%
Love
92%
love
92%
rain
92%
so
92%
So
92%
who
92%
better
91%
get
91%
gonna
91%
it's
91%
long
91%
nothing
91%
Nothing
91%
side
91%
won't
91%
Won't
91%
again
90%
everything
90%
from
90%
good
90%
I'll
90%
know
90%
times
90%
with
90%
And
89%
and
89%
If
89%
of
89%
back
88%
could
88%
give
88%
anything
87%
did
87%
for
87%
keep
87%
roll
87%
running
87%
still
87%
bright
86%
by
86%
got
86%
Lost
86%
my
86%
night
86%
one
86%
something
86%
darkest
85%
foot
85%
guess
85%
island
85%
never
85%
ocean
85%
felt
84%
I'm
84%
today
84%
can
83%
golden
83%
Say
83%
search
83%
taste
83%
holding
82%
London
82%
find
81%
will
81%
broken
80%
castaways
80%
wait
80%
far
79%
gutter
79%
here
79%
life
79%
close
78%
prayer
78%
going
77%
home
77%
other
77%
We're
77%
all
76%
Maybe
76%
hand
75%
cares?
72%
Cause
72%
soon
72%
under
72%
unfold
71%
wonder
71%
came
70%
too
70%
said
69%
ignorance
68%
keeps
67%
path
67%
please
67%
pulling
67%
Moving
65%
bones
63%
outlast
63%
sick
62%
Sail
59%
innocence
58%
survive
56%
war
54%
tug
50%

Score Distribution

Percentile by Number Answered

Percent of People with Each Score

Your Score History

You have not taken this quiz